[Event "Lovsprings op 06th B"]
[Site "Ringsted"]
[Date "1994.04.03"]
[Round "2"]
[White "Christensen, Henrik"]
[Black "Larsen, Jacob"]
[Result "1-0"]
[WhiteElo "1804"]
[BlackElo "1759"]
[PlyCount "47"]
[EventDate "1994.03.27"]
[EventType "swiss"]
[EventRounds "7"]
[EventCountry "DEN"]
[SourceTitle "EXT 2023"]
[Source "ChessBase"]
[SourceDate "2022.10.05"]
[SourceVersion "1"]
[SourceVersionDate "2022.10.05"]
[SourceQuality "1"]

1. e4 d6 2. f4 e5 3. Nf3 Bg4 4. Bc4 Qd7 5. d4 exd4 6. 0-0 Nc6 7. c3 dxc3 8. Nxc3 0-0-0 9. Nd5 Nge7 10. Be3 f5 11. Qa4 fxe4 12. Ng5 a5 13. Rac1 h6 14. Nf7 Be6 15. Nxe7+ Bxe7 16. Nxd8 Bxd8 17. Bb5 Bd5 18. Rfd1 Qf5 19. Rxc6 bxc6 20. Bxc6 Bxc6 21. Qxc6 g5 22. Rxd6 Kb8 23. Rd5 Qf6 24. Ba7+ 1-0

[Event "Lovsprings op 06th B"]
[Site "Ringsted"]
[Date "1994.03.27"]
[Round "1"]
[White "Madsen, Morten"]
[Black "Larsen, Jacob"]
[Result "1/2-1/2"]
[WhiteElo "1758"]
[BlackElo "1759"]
[PlyCount "62"]
[EventDate "1994.03.27"]
[EventType "swiss"]
[EventRounds "7"]
[EventCountry "DEN"]
[SourceTitle "EXT 2023"]
[Source "ChessBase"]
[SourceDate "2022.10.05"]
[SourceVersion "1"]
[SourceVersionDate "2022.10.05"]
[SourceQuality "1"]

1. e4 c5 2. c3 Nf6 3. e5 Nd5 4. d4 e6 5. Nf3 Qb6 6. Na3 cxd4 7. Nc4 Qc7 8. cxd4 Nc6 9. a3 Be7 10. Bg5 f6 11. Bh4 b5 12. exf6 Bxf6 13. Bg3 Nf4 14. Ne3 0-0 15. Be2 Bb7 16. 0-0 Nxe2+ 17. Qxe2 Qb6 18. d5 Nd4 19. Nxd4 Bxd4 20. dxe6 Qc6 21. Rad1 Bxe3 22. fxe3 dxe6 23. Rf4 Rad8 24. Rdf1 Rxf4 25. Bxf4 b4 26. Qf2 Ba6 27. Bg5 Bxf1 28. Bxd8 bxa3 29. bxa3 Bd3 30. Qd2 Qd6 31. Be7 Qxe7 1/2-1/2